Statystyki dla Kluby ,które kiedykolwiek grały w polskiej Ekstraklasie

Kliknij tutaj aby rozwiązać quiz!

Ogólne statystyki

  • Ten quiz został rozwiązany 272 razy
    (265 od ostatniego zresetowania)
  • Średni wynik to 35 z 87

Statystyki odpowiedzi

sezony w
ekstraklasie
obecne wojewód-
zstwo w którym z
znajduje się klub
odpowiedź% Poprawnych
85MazowieckieLegia Warszawa
97%
64WielkopolskieLech Poznań
94%
82MałopolskieWisła Kraków
93%
43DolnośląskieŚląsk Wrocław
89%
61ŁódzkieŁKS
88%
49ZachodniopomorskiePogoń Szczecin
87%
77ŚląskieRuch Chorzów
86%
66ŚląskieGórnik Zabrze
83%
43MałopolskieCracovia
82%
35ŁódzkieWidzew Łódź
82%
1Pomorskie (nie istnieje)Lechia/Olimpia Gdańsk
81%
16Pomorskie
Arka Gdynia
77%
33DolnośląskieZagłębie Lubin
74%
31MazowieckiePolonia Warszawa
73%
30ŚląskieGKS Katowice
72%
19PodlaskieJagiellonia Białystok
72%
14ŚwiętokrzyskieKorona Kielce
71%
15MazowieckieWisła Płock
71%
7ŚląskieRaków Częstochowa
68%
22OpolskieOdra Opole
67%
20WielkopolskieWarta Poznań
67%
14Kujawsko-PomorskieZawisza Bydgoszcz
67%
12ŚląskiePiast Gliwice
66%
2MazowieckieRadomiak Radom
65%
35ŚląskiePolonia Bytom
63%
27PodkarpackieStal Mielec
63%
36ŚląskieZagłębie Sosnowiec
62%
9LubelskieMotor Lublin
59%
11PodkarpackieStał Rzeszów
58%
8LubelskieGórnik Łęczna
57%
4MałopolskieBruk-Bet Termalica Nieciecza
55%
6ŚląskiePodbeskidzie Bielsko-Biała
55%
1DolnośląskieMiedź Legnica
54%
12ŁódzkieGKS Bełchatów
51%
13(poza granicami)Pogoń Lwów
51%
11Wielkopolskie (nie istnieje)Amica Wronki
49%
3ŚląskieGKS Tychy
49%
3ŚląskieGKS Tychy
49%
8Warmińsko-MazurskieStomil Olsztyn
49%
7MałopolskieHutnik Kraków
48%
15MałopolskieGarbarnia Kraków
45%
30PomorskieLechia Gdańsk
45%
1MałopolskieSandecja Nowy Sącz
45%
25ŚląskieSzombierki Bytom
38%
10WielkopolskieDyskobolia Grodzisk
Wielkopolski
36%
14ŚląskieOdra Wodzisław Śląski
33%
4PodkarpackieStal Stalowa Wola
31%
23MazowieckieGwardia Warszawa
29%
3ŚwiętokrzyskieKSZO Ostrowiec Świętokrzyski
27%
1ŁódzkieRKS Radomsko
26%
1ŚląskieGórnik Polkowice
25%
6DolnośląskieGórnik Wałbrzych
25%
3ŚlaskieRuch Radzionków
24%
7PomorskieBałtyk Gdynia
23%
3PodkarpackieSiarka Tarnobrzeg
23%
7(poza granicami)Czarni Lwów
22%
1ŚląskieGKS Jastrzębie
22%
7ŚląskieROW Rybnik
22%
8Wielkopolskie (nie istnieje)Olimpia Poznań
19%
1MazowieckieŚwit Nowy Dwór Mazowiecki
16%
1ŚląskieSzczakowianka Jaworzno
16%
7Kujawsko-pomorskiePolonia Bydgoszcz
15%
13Mazowieckie (nie istnieje)Warszawianka
14%
2Wielkopolskie
Sokół Pniewy
13%
3Łódzkie (nie istnieje)Klub turystów Łódź
11%
3Śląskie1 FC Katowice
10%
8ŚląskieGórnik Radlin
10%
1MałopolskieTarnovia Tarnów
10%
6DolnośląskieZagłębie Wałbrzych
10%
10ŚląskieAKS Chorzów
9%
2(poza granicami)Hasmonea Lwów
9%
2LubelskieIgloopol Dębica
9%
1(poza granicami)Lechia Lwów
9%
4ZachodniopomorskieArkonia Szczecin
8%
2Kujawsko-Pomorskie (nie istnieje)TKS Toruń
8%
1MałopolskieJutrzenka Kraków
7%
1(poza granicami)Śmigły Wilno
7%
2Śląskie (nie istnieje)Sokół Tychy
7%
1ŁódzkieUnion-Touring Łódź
7%
2MałopolskiePodgórze Kraków
5%
2ŚląskieUnia Racibórz
5%
1ŚląskieDąb Katowice
4%
2ŚląskieDąb Katowice
4%
2MałopolskieOWKS Kraków
2%
1ŚląskieRymer Niedobczyce
2%
3MazowieckieWKS 22 pp Siedlce
2%
1ŁódzkieŁTSG Łódź
1%

Rozkład punktacji

Percentyl według liczby udzielonych odpowiedzi

Procent ludzi z każdym wynikiem

Twoja historia wyników

Nie rozwiązałeś tego quizu od ostatniego zresetowania